Pierwsze 20 pierwiastków chemicznych w 30 sekund - Statystyki

Ogólne statystyki
  • Ten quiz został rozwiązany 65 razy
  • Średni wynik to 7 z 20
Statystyki odpowiedzi
Nr Pierwiastek % Poprawnych
1 Wodór
89%
2 Hel
71%
8 Tlen
58%
7 Azot
50%
3 Lit
47%
6 Węgiel
45%
4 Beryl
37%
5 Bor
34%
13 Glin
32%
16 Siarka
32%
11 Sód
32%
10 Neon
29%
9 Fluor
24%
15 Fosfor
24%
12 Magnez
24%
19 Potas
24%
18 Argon
18%
20 Wapń
18%
17 Chlor
16%
14 Krzem
16%
Nie znaleziono quizów pasujących do podanych kryteriów
Rozkład punktacji
Procent ludzi z każdym wynikiem
Percentyl według liczby udzielonych odpowiedzi
Twoja historia wyników
Nie rozwiązałeś tego quizu